Costa Rica: economía y movimiento popular

Αποθηκεύτηκε σε:
Λεπτομέρειες βιβλιογραφικής εγγραφής
Μορφή: Κείμενο
Θέματα:
Ετικέτες: Προσθήκη ετικέτας
Δεν υπάρχουν, Καταχωρήστε ετικέτα πρώτοι!

MARC

LEADER 00000 a a2200000 04500
001 44579
003
040
245 |a Costa Rica:   |b economía y movimiento popular  
650 |a POLITICA ECONOMICA  
650 |a DEUDA EXTERNA  
650 |a PAISES EN DESARROLLO  
650 |a MOVIMIENTOS POPULARES  
650 |a ORGANISMOS FINANCIEROS INTERNACIONALES  
650 |a ASPECTOS SOCIOECONOMICOS  
650 |a MERCADO INTERNACIONAL  
650 |a RELACIONES INTERNACIONALES  
650 |a MERCADO INTERNACIONAL  
650 |a DESARROLLO ECONOMICO Y SOCIAL  
773 |g volumen8, número.62 (1984), Páginas: 9-10  
999 |c 25998  |d 25998 
773 0 |0 42391  |9 3696  |a Agencia Latinoamericana de Información, ALAI  |d Quito, Ecuador: ALAI  |o 04320  |t ALAI:  |x 08275564 (Servicio mensual de información y documentación)